<?xml version="1.0" encoding="UTF-8"?>
<marc:record xmlns:marc="http://www.loc.gov/MARC21/slim">
   <marc:leader>00000nam a2200000 a 4500</marc:leader>
   <marc:datafield ind1="1" ind2=" " tag="100">
      <marc:subfield code="a">Billisich, Eva</marc:subfield>
      <marc:subfield code="4">aut</marc:subfield>
      <marc:subfield code="e">Verfasser/-in</marc:subfield>
   </marc:datafield>
   <marc:datafield ind1="0" ind2="0" tag="245">
      <marc:subfield code="a">Wedel und Krebsenspeck</marc:subfield>
   </marc:datafield>
   <marc:datafield ind1=" " ind2="1" tag="264">
      <marc:subfield code="b">Obelisk-Verl.</marc:subfield>
      <marc:subfield code="c">2013</marc:subfield>
   </marc:datafield>
   <marc:datafield ind1="1" ind2=" " tag="490">
      <marc:subfield code="a">Club-Taschenbuch : Die österreichische Kinderbibliothek</marc:subfield>
   </marc:datafield>
   <marc:datafield ind1="1" ind2=" " tag="520">
      <marc:subfield code="a">Frau Krebsenspeck fühlt sich wohl in ihrem kleinen feinen Heim, nur etwas Gesellschaft könnte sie gebrauchen. Ein Untermieter muss her. Höflich soll er sein und mit Gartenarbeit soll er sich auskennen. Wie er wohl aussehen wird? Glatt rasiert? Mit kurzem Haar oder mit wilden Locken? Mit Krawatte oder T-Shirt? Weit gefehlt! Herr Wedel, der neue Untermieter, hat ein müffelndes Hundefell, einen Haufen Flöhe und grässliche Tischmanieren. Frau Krebsenspeck müht sich redlich, aus ihm einen anständigen Untermieter zu machen - bis sie sieht, was er unter Gartenarbeit versteht ...</marc:subfield>
   </marc:datafield>
   <marc:datafield ind1="3" ind2=" " tag="024">
      <marc:subfield code="a">9783851976953</marc:subfield>
   </marc:datafield>
</marc:record>
